[Event "Leiden SB-chB"]
[Site "Leiden"]
[Date "2014.06.03"]
[Round "4"]
[White "Wagemans, Ed"]
[Black "Stins, Johan"]
[Result "1/2-1/2"]
[WhiteElo "1866"]
[BlackElo "1832"]
[PlyCount "50"]
[EventDate "2014.05.13"]
[EventType "swiss"]
[EventRounds "7"]
[EventCountry "NED"]
[SourceTitle "EXT 2015"]
[Source "ChessBase"]
[SourceDate "2014.11.20"]
[SourceVersion "1"]
[SourceVersionDate "2014.11.20"]
[SourceQuality "1"]

1. e4 c5 2. Nf3 e6 3. d4 cxd4 4. Nxd4 Nc6 5. Be2 Nf6 6. Nc3 Qc7 7. 0-0 a6 8. Bg5 Be7 9. Qd2 0-0 10. Rad1 b5 11. a3 Nxd4 12. Qxd4 Ng4 13. Bxg4 Bxg5 14. e5 f6 15. f4 fxe5 16. fxe5 Rxf1+ 17. Rxf1 Qa7 18. Qxa7 Rxa7 19. Rd1 Bf4 20. Re1 Bd2 21. Rd1 Bxc3 22. bxc3 Rc7 23. Rd3 Rc4 24. h3 Ra4 25. Bxe6+ dxe6 1/2-1/2

[Event "Leiden SB-chB"]
[Site "Leiden"]
[Date "2014.05.27"]
[Round "3"]
[White "Stins, Johan"]
[Black "De Weert, Chris WJ"]
[Result "1-0"]
[WhiteElo "1832"]
[BlackElo "1755"]
[PlyCount "47"]
[EventDate "2014.05.13"]
[EventType "swiss"]
[EventRounds "7"]
[EventCountry "NED"]
[SourceTitle "EXT 2015"]
[Source "ChessBase"]
[SourceDate "2014.11.20"]
[SourceVersion "1"]
[SourceVersionDate "2014.11.20"]
[SourceQuality "1"]

1. e4 c5 2. Nf3 Nc6 3. d4 cxd4 4. Nxd4 Nf6 5. Nc3 e5 6. Ndb5 d6 7. Bg5 a6 8. Bxf6 gxf6 9. Na3 b5 10. Nd5 Bg7 11. c3 0-0 12. Bd3 Ne7 13. Nxe7+ Qxe7 14. Qh5 Qd7 15. Nc2 Qg4 16. Qxg4 Bxg4 17. Ne3 Be6 18. a4 Bd7 19. axb5 axb5 20. Ke2 Rfb8 21. Nd5 h6 22. Nc7 Rxa1 23. Rxa1 b4 24. Na6 1-0

[Event "Leiden LCT op-B 7th"]
[Site "Leiden"]
[Date "2013.07.15"]
[Round "4"]
[White "Berger, Otto"]
[Black "Stins, Johan"]
[Result "1-0"]
[WhiteElo "1581"]
[BlackElo "1880"]
[PlyCount "47"]
[EventDate "2013.07.12"]
[EventType "swiss"]
[EventRounds "9"]
[EventCountry "NED"]
[SourceTitle "EXT 2015"]
[Source "ChessBase"]
[SourceDate "2014.11.20"]
[SourceVersion "1"]
[SourceVersionDate "2014.11.20"]
[SourceQuality "1"]

1. e4 c5 2. d4 cxd4 3. c3 Nf6 4. e5 Nd5 5. Nf3 e6 6. cxd4 Nc6 7. a3 d6 8. Bd3 Qc7 9. 0-0 dxe5 10. dxe5 g6 11. Re1 Bg7 12. Qe2 0-0 13. Bd2 Na5 14. Nc3 Nb3 15. Nxd5 exd5 16. Bb4 Nxa1 17. Bxf8 Kxf8 18. Rxa1 Bg4 19. Re1 Re8 20. Qd2 Bxf3 21. gxf3 Bxe5 22. Qh6+ Bg7 23. Rxe8+ Kxe8 24. Qxg7 1-0